000 00477nam a2200169Ia 4500
008 100122s9999 xx 000 0 und d
082 _b41387
_a823
100 _aजाधव टि के
245 _aनागमणी
250 _a1
260 _bमेहता पब्लिशिंग हाऊस
_c1987
300 _a130
630 _aनागमणी
700 _aप्रीतम अमृृता
730 _aनागमणी
942 _cBOOK
999 _c422042
_d422039